000 00687nam a22002057a 4500
005 20180827155759.0
010 _aENG-123862
020 _a9789383079209
_c150.00
035 _aEN-107394
037 _bDBAD/PUB.
082 _a338.954
100 _aGurumurthy, S.
245 _aDevelopment through culture :
_cby S. Gurumurthy
_bconcept, dynamics, road ahead /
250 _a2nd ed.
260 _aGuwahati (Assam)
_bVivekananda Kendra Institute of Culture
_c2018
270 _aRiverside, Uzanbazar, MG Road, Guwa
_bGuwahati (Assam)
_e781001
300 v _axv,120p.
_c20cm(pbk.)
500 _aIt includes conclusion and references
942 _2ddc
_cEN
_mGUR
_h338.954
999 _c156296
_d156296